• Muriel, Andrés,

di Personal Name

Records bibliografici associati: 1

001 - CONTROL NUMBER

  • control field: 16778

003 - CONTROL NUMBER IDENTIFIER

  • control field: IT-RoINE

005 - DATE AND TIME OF LATEST TRANSACTION

  • control field: 20150218154827.0

008 - FIXED-LENGTH DATA ELEMENTS

  • fixed length control field: 150218|| aca||aabn | a|a d

040 ## - CATALOGING SOURCE

  • Original cataloging agency: IT-RoINE
  • Transcribing agency: IT-RoINE

100 ## - HEADING--PERSONAL NAME

  • Personal name: Muriel, Andrés,
  • Dates associated with a name: 1776-1838

670 ## - SOURCE DATA FOUND

  • Source citation: Work cat.: (IT-RoINE)0: Muriel, Andrés, 1776-1838, Historia de Carlos IV /, 1959.